La familia en su máximo potencial : métodos de evangelización familiar

Uloženo v:
Podrobná bibliografie
Hlavní autor: Youngberg, John
Další autoři: Millie
Médium: Kniha
Jazyk:španělština
Vydáno: México, D.F. Universidad de Montemorelos. 2000.
Témata:
Tagy: Přidat tag
Žádné tagy, Buďte první, kdo vytvoří štítek k tomuto záznamu!

MARC

LEADER 00000nam a22000005a 4500
001 17447
003 CL-ChBUA
005 20120815103636.0
008 070301s2000 mx 000 0 spa
040 |a CL-ChBUA  |c CL-ChBUA 
082 0 0 |a 261.8 
090 |c 17447  |d 17447 
100 1 |a Youngberg, John 
245 1 0 |a La familia en su máximo potencial :  |b métodos de evangelización familiar 
260 |b Universidad de Montemorelos.  |a México, D.F.  |c 2000. 
300 |c 28 cm. 
504 |a Indice. 
650 4 |a FAMILIA CRISTIANA. 
700 1 |a Millie. 
942 |c LIB 
952 |0 0  |1 0  |4 0  |7 0  |9 24132  |a UNACH  |b UNACH  |c 200  |d 2007-03-05  |i 35.789.  |l 1  |o 261.8 / Y 68.  |p 25131  |r 2023-05-05 00:00:00  |s 2017-03-24  |u 24132  |w 2012-08-08  |y LIB  |k 261.8 / Y 68. 
999 |c 17447  |d 17447